01092cam a2200241 a 4500020002200000020002200022082001700044245013900061260009100200300002700291505008900318526003700407650001300444650006000457650005700517650004700574650005600621700002300677710002200700942001200722999001900734952009700753 a0801835917 (v. 1) a0801835925 (v. 2)00a625.725bHIG04aThe Highway design and maintenance standards model /cThawat Watanatada ... [et al.] ; in collaboration with Wee-Beng Aw ... [et al.]. aBaltimore :bPublished for the World Bank [by] Johns Hopkins University Press,cc1987. a2 v. :bill. ;c28 cm.1 av. 1. Description of the HDM-III model -- v. 2. User's manual for the HDM-III model. a0b0c0d625_725000000000000_HIG 0aMCE9379 0aMotor vehiclesxCost of operationxMathematical models. 0aRoadsxDesign and constructionxMathematical models. 0aRoadsxDeteriorationxMathematical models. 0aRoadsxMaintenance and repairxMathematical models.0 aThawat Watanatada.2 aWorld Bank.94999 2ddccBK c547446d547446 00102ddc4070aMCEbMCEd2014-07-15l0o625.725 HIGpMCE-41838r2014-07-15w2014-07-15yBK